| 000 | 00825nam a22002177a 4500 | ||
|---|---|---|---|
| 003 | JO-AjAnu | ||
| 005 | 20231129115947.0 | ||
| 008 | 231129b jo ||||| |||| 00| 0 ara d | ||
| 020 | _a9789923190296 | ||
| 040 |
_aJO-AjAnu _bara _cJO-AjAnu _dJO-AjAnu |
||
| 041 | 0 |
_aara _hara |
|
| 050 |
_aQR41.2 _b2020 |
||
| 100 | 1 |
_aشناوة،ابراهيم محمد سعيد _964541 _eمؤلف |
|
| 245 | 0 |
_aعلم الأحياء المجهرية التشخيصي / _cابراهيم محمد سعيد شناوة |
|
| 250 | _aالطبعة الاولى | ||
| 260 |
_aعمان، بغداد : _bدار الوضاح للنشر، مكتبة دجلة، _c2020 |
||
| 300 | _a208 صفحة | ||
| 500 | _aيحتوي على مصطلحات | ||
| 650 | 4 | 0 |
_aالاحياء الدقيقة _964542 _vالاحياء الدقيقة |
| 942 |
_2lcc _cBK _n0 |
||
| 999 |
_c33195 _d33195 |
||